Trauma Care / (Record no. 16052)
[ view plain ]
| 000 -LEADER | |
|---|---|
| fixed length control field | 00933nam a22002297a 4500 |
| 008 - FIXED-LENGTH DATA ELEMENTS--GENERAL INFORMATION | |
| fixed length control field | 110919s2009 nyu|||||r|||| 001 0 eng d |
| 020 ## - INTERNATIONAL STANDARD BOOK NUMBER | |
| International Standard Book Number | 0071596771 |
| 020 ## - INTERNATIONAL STANDARD BOOK NUMBER | |
| International Standard Book Number | 9780071596770 |
| 082 ## - DEWEY DECIMAL CLASSIFICATION NUMBER | |
| Edition number | 22 |
| Classification number | 616.025 |
| Item number | NAY |
| 100 ## - MAIN ENTRY--PERSONAL NAME | |
| 9 (RLIN) | 27248 |
| Personal name | Nayduch, Donna |
| 245 ## - TITLE STATEMENT | |
| Title | Trauma Care / |
| Statement of responsibility, etc | Donna Nayduch |
| 260 ## - PUBLICATION, DISTRIBUTION, ETC. (IMPRINT) | |
| Place of publication, distribution, etc | New York : |
| Name of publisher, distributor, etc | McGraw-Hill Medical, 2009. |
| Date of publication, distribution, etc | 2009 |
| 300 ## - PHYSICAL DESCRIPTION | |
| Extent | xviii, 622 p. : |
| Other physical details | ill. ; |
| Dimensions | 19 cm. |
| 490 ## - Series Statement | |
| -- | 27249 |
| Series statement | Nurse to Nurse |
| 500 ## - GENERAL NOTE | |
| General note | "Expert interventions"--Cover. |
| 504 ## - BIBLIOGRAPHY, ETC. NOTE | |
| Bibliography, etc | Includes bibliographical references and index. |
| 650 ## - SUBJECT ADDED ENTRY--TOPICAL TERM | |
| 9 (RLIN) | 12129 |
| Topical term or geographic name as entry element | Emergency nursing |
| Form subdivision | Handbooks |
| General subdivision | Methods |
| 650 ## - SUBJECT ADDED ENTRY--TOPICAL TERM | |
| 9 (RLIN) | 23534 |
| Topical term or geographic name as entry element | Emergency medicine. |
| Form subdivision | Handbooks |
| General subdivision | Methods |
| 653 ## - INDEX TERM--UNCONTROLLED | |
| Resource For college | |
| Arrived date list | September2011 |
| 942 ## - ADDED ENTRY ELEMENTS (KOHA) | |
| Source of classification or shelving scheme | Dewey Decimal Classification |
| Item type | |
| Withdrawn status | Item status | Source of classification or shelving scheme | Damaged status | Not for loan | Vendor | Home library | Current library | Shelving location | Date acquired | Source of acquisition | Cost, normal purchase price | Serial Enumeration / chronology | Total Checkouts | Total Renewals | Full call number | Barcode | Date last seen | Date last borrowed | Koha item type |
|---|---|---|---|---|---|---|---|---|---|---|---|---|---|---|---|---|---|---|---|
| Dewey Decimal Classification | Baccah | Central Library | Central Library | First floor | 19/09/2011 | 179.70 | 143 | 13 | 34 | 616.025 NAY | 000024762 | 15/07/2025 | 20/10/2022 | Book - Borrowing |